000 00690cab a22001935a 4500
001 L157900
008 130628e20130622xxk 000 0 eng d
035 _a(Sirsi) u157900
041 0 _aeng
100 1 _aHartley, Simon
245 0 0 _aNavigating the dilapidations pitfalls
260 _c2013
490 _aEstates Gazette
_v(1325) 22 June 2013, 102-103(2)
520 _aDilapidations issues for tenants taking tenancies and at lease termination. Includes information about drawing a line under a liability, the landlords intentions and further issues where there are subtenants.
590 _aKA
651 4 _aEngland and Wales
_y1543-
690 _aDilapidations
_96235
942 _n0
999 _c84484
_d84484